| 000 | 00820nam a22002177a 4500 | ||
|---|---|---|---|
| 999 |
_c16556 _d16556 |
||
| 003 | AR-CdUCM | ||
| 008 | 190503b ||||| |||| 00| 0 spa d | ||
| 040 |
_aMUNICIPALIDAD PROVINCIAL DEL CUSCO _cBIBLIOTECA MUNICIPAL DEL CUSCO |
||
| 082 |
_a412./ _bG79 |
||
| 100 |
_aGreimas, A.J. _936062 |
||
| 245 | _aSemántica estructural / | ||
| 260 |
_aMadrid : _bGredos, _c1971. |
||
| 300 |
_a398 paginas ; _c21 cm. |
||
| 505 | _aContenido : La situación de la semántica -- La significación y la percepción -- Conjuntos significantes y lenguas naturales -- Los niveles jerárquicos del lenguaje... | ||
| 650 |
_aSemántica _97092 |
||
| 650 |
_aEstructura elemental _936063 |
||
| 650 |
_aLenguas naturales _97564 |
||
| 700 |
_aFuente, Alfredo de la (Traducción) _936064 |
||
| 942 |
_2ddc _cLIBROS |
||
| 945 |
_awnts _d2019-05-3 |
||